Mathematical Programming Techniques (Record no. 6742)
[ view plain ]
| 000 -LEADER | |
|---|---|
| fixed length control field | 00431nam a2200169Ia 4500 |
| 008 - FIXED-LENGTH DATA ELEMENTS--GENERAL INFORMATION | |
| fixed length control field | 230711s9999||||xx |||||||||||||| ||und|| |
| 020 ## - INTERNATIONAL STANDARD BOOK NUMBER | |
| International Standard Book Number | 81-85336-47-4 |
| 041 ## - LANGUAGE CODE | |
| Language code of text/sound track or separate title | ENG |
| 082 ## - DEWEY DECIMAL CLASSIFICATION NUMBER | |
| Classification number | 519.7 |
| Item number | KA-M |
| 100 ## - MAIN ENTRY--PERSONAL NAME | |
| Personal name | Kambo,N.S |
| 245 #0 - TITLE STATEMENT | |
| Title | Mathematical Programming Techniques |
| 250 ## - EDITION STATEMENT | |
| Edition statement | 1st Ed. |
| 260 ## - PUBLICATION, DISTRIBUTION, ETC. | |
| Date of publication, distribution, etc. | 1991 |
| Place of publication, distribution, etc. | New Delhi |
| Name of publisher, distributor, etc. | Affiliated East-West Press Private Limited |
| 300 ## - PHYSICAL DESCRIPTION | |
| Extent | 736p. |
| 650 ## - SUBJECT ADDED ENTRY--TOPICAL TERM | |
| Topical term or geographic name entry element | Mathematics |
| 942 ## - ADDED ENTRY ELEMENTS (KOHA) | |
| Koha item type | Book |
| Withdrawn status | Lost status | Damaged status | Not for loan | Collection | Home library | Current library | Date acquired | Source of acquisition | Cost, normal purchase price | Inventory number | Total checkouts | Full call number | Barcode | Date last seen | Price effective from | Koha item type | Date last checked out |
|---|---|---|---|---|---|---|---|---|---|---|---|---|---|---|---|---|---|
| MRSPTU Central Library | MRSPTU Central Library | 10/09/2043 | Krishna Book Distributors | 495.00 | KBD/2017-2018/1020043059 | 519.7 KA-M | 40143 | 08/17/2023 | 08/17/2023 | Book | |||||||
| MRSPTU Central Library | MRSPTU Central Library | 10/09/2043 | Krishna Book Distributors | 495.00 | KBD/2017-2018/1020043059 | 1 | 519.7 KA-M | 40144 | 02/05/2024 | 08/17/2023 | Book | 01/29/2024 | |||||
| MRSPTU Central Library | MRSPTU Central Library | 10/09/2043 | Krishna Book Distributors | 495.00 | KBD/2017-2018/1020043059 | 519.7 KA-M | 40145 | 08/17/2023 | 08/17/2023 | Book | |||||||
| MRSPTU Central Library | MRSPTU Central Library | 10/09/2043 | Krishna Book Distributors | 495.00 | KBD/2017-2018/1020043059 | 1 | 519.7 KA-M | 40146 | 05/19/2025 | 08/17/2023 | Book | 05/13/2025 | |||||
| MRSPTU Central Library | MRSPTU Central Library | 10/09/2043 | Krishna Book Distributors | 495.00 | KBD/2017-2018/1020043059 | 519.7 KA-M | 40147 | 08/17/2023 | 08/17/2023 | Book |
